| 000 | 01003cam a22002655a 4500 | ||
|---|---|---|---|
| 001 | 016913029 | ||
| 003 | OSt | ||
| 005 | 20160518120748.0 | ||
| 008 | 141027s2014 enka frb 001 0 eng d | ||
| 020 | _a9781138844940 (pbk.) | ||
| 040 |
_aStDuBDS _beng _cStDuBDS _dEG-ScBUE |
||
| 082 | 0 | 4 |
_a306.09174927 _222 _bARA |
| 245 | 0 | 0 |
_aArab cultural studies : _bhistory, politics and the popular / _cedited by Anastasia Valassopoulos. |
| 260 |
_aOxfordshire ; _aNew York : _bRoutledge / Taylor & Francis Group, _c2014. |
||
| 300 |
_axi, 212 p. : _bill. ; _c25 cm. |
||
| 500 | _aOriginally published as a special issue of the Journal for cultural research. | ||
| 500 | _aIndex : p. 211-212. | ||
| 504 | _aIncludes bibliographical references. | ||
| 650 | 7 |
_aCivilization, Arab. _2BUEsh _940025 |
|
| 651 | 7 |
_aArab countries _xSocial life and customs. _2BUEsh _940026 |
|
| 653 |
_bBUSBOL _cMay2016 |
||
| 700 | 1 |
_aValassopoulos, Anastasia, _d1973- _eeditor. |
|
| 740 | 0 | _aJournal for cultural research. | |
| 942 | _2ddc | ||
| 999 |
_c21774 _d21746 |
||